[Event "EuTCh"]
[Site "Leon ESP"]
[Date "2001.11.06"]
[Round "1"]
[White "Sutovsky,E"]
[Black "Navara,D"]
[Result "0-1"]
[WhiteElo "2664"]
[BlackElo "2499"]
[EventDate "2001.11.06"]

1. e4 c5 2. Nc3 e6 3. Nf3 d6 4. d4 cxd4 5. Qxd4 a6 6. Bg5 Nc6 7. Qa4 f6 8.
Be3 Bd7 9. Nd4 Nge7 10. O-O-O b5 11. Bxb5 axb5 12. Ncxb5 Nd5 13. Qxa8 Qxa8
14. exd5 Qb7 15. dxc6 Bxc6 16. Nxc6 Qxc6 17. Nd4 Qd5 18. Kb1 Kf7 19. g4 h5
20. Nb3 Qe5 21. gxh5 Rxh5 22. Rd4 Rxh2 23. Rhd1 g5 24. a4 Rh4 25. c4 Be7
26. a5 Rh8 27. Ka2 Ra8 28. Bd2 Qe2 29. Rh1 e5 30. Rh7+ Ke6 31. Bb4 Qxf2 32.
Rd2 Qf4 33. Rc2 Rc8 34. Ka3 Rxc4 35. Rxc4 Qxc4 36. Rh8 g4 37. Ra8 f5 38. a6
Qc6 39. Ra7 g3 0-1

[Event "EuTCh"]
[Site "Leon ESP"]
[Date "2001.11.06"]
[Round "1"]
[White "Votava,J"]
[Black "Avrukh,B"]
[Result "1-0"]
[WhiteElo "2503"]
[BlackElo "2606"]
[EventDate "2001.11.06"]

1. e4 c5 2. c3 d5 3. exd5 Qxd5 4. d4 Nf6 5. Nf3 Bg4 6. Be2 e6 7. h3 Bh5 8.
O-O Nc6 9. Na3 cxd4 10. Nb5 Rc8 11. Nfxd4 Bxe2 12. Qxe2 Nxd4 13. Nxd4 Be7
14. Rd1 a6 15. Nf3 Qe4 16. Qxe4 Nxe4 17. Be3 f6 18. Rd4 Nd6 19. Re1 Kf7 20.
Rf4 Ke8 21. Ra4 e5 22. Nd2 Rc6 23. Ra5 Kf7 24. Rc5 Rhc8 25. Rxc6 Rxc6 26.
g4 g6 27. f3 f5 28. Kf1 h5 29. Ke2 Ne8 30. Rd1 Nc7 31. Nb3 b6 32. a4 Ke6
33. gxf5+ gxf5 34. f4 Nd5 35. fxe5 Kxe5 36. Nd4 Rd6 37. Nf3+ Ke6 38. Nd4+
Kf6 39. Bf2 Nf4+ 40. Kf3 Ng6 41. Re1 f4 42. Rxe7 Nxe7 43. Bh4+ Kf7 44. Bxe7
Rg6 45. Bh4 Rg1 46. Bf2 Rb1 47. b4 Ra1 48. Nc6 Rh1 49. h4 Rh3+ 50. Kxf4
Rxc3 51. Ne5+ Ke6 52. Bxb6 Kd5 53. a5 Rb3 54. Bc5 Rb2 55. Ng6 Rg2 56. Kf5
Kc4 57. Nf4 Rg4 58. Be7 Rg7 59. Ke6 1-0

[Event "EuTCh"]
[Site "Leon ESP"]
[Date "2001.11.06"]
[Round "1"]
[White "Greenfeld,A"]
[Black "Vokac,M"]
[Result "1/2-1/2"]
[WhiteElo "2581"]
[BlackElo "2529"]
[EventDate "2001.11.06"]

1. d4 g6 2. c4 Bg7 3. Nf3 c5 4. d5 d6 5. g3 f5 6. Bg2 Nf6 7. O-O O-O 8. Nc3
Na6 9. e4 fxe4 10. Ng5 Bg4 11. Qb3 Rb8 12. Bd2 Nc7 13. a4 e6 14. Ncxe4 exd5
15. cxd5 Nxe4 16. Nxe4 b5 17. Bc3 Bf5 18. Bxg7 Kxg7 19. Rfe1 bxa4 20. Qc3+
Kg8 21. Rxa4 Nb5 22. Qd2 Rb7 23. b4 Bxe4 24. Bxe4 c4 25. Ra6 Qf6 26. Rc6 c3
27. Qe3 Re7 28. Kg2 Na3 29. Re2 Nb5 30. Rc4 Na3 31. Rc6 Nb5 32. Rc4 Na3
1/2-1/2

[Event "EuTCh"]
[Site "Leon ESP"]
[Date "2001.11.06"]
[Round "1"]
[White "Adams,Mi"]
[Black "Kengis,E"]
[Result "1-0"]
[WhiteElo "2731"]
[BlackElo "2561"]
[EventDate "2001.11.06"]

1. e4 c5 2. Nf3 e6 3. d4 cxd4 4. Nxd4 a6 5. Nc3 b5 6. Bd3 Qb6 7. Nf3 Nc6 8.
O-O Nge7 9. Re1 Ng6 10. a4 Bc5 11. Be3 Bxe3 12. Rxe3 b4 13. Nd5 Qd8 14. a5
O-O 15. Nb6 Rb8 16. Nc4 Rb5 17. Qd2 Rc5 18. Rae1 Qc7 19. e5 Nxa5 20. Nxa5
Qxa5 21. h4 h6 22. Be4 Qb6 23. h5 Ne7 24. Rb3 a5 25. c3 bxc3 26. Rxb6 cxd2
27. Nxd2 f5 28. Bf3 Rc2 29. Nb1 g5 30. hxg6 Nxg6 31. Nc3 Rd2 32. Rb5 Nh4
33. Bh5 Kg7 34. Re3 f4 35. Re4 Ng6 36. Ra4 Ne7 37. Raxa5 Nc6 38. Ra8 d5 39.
exd6 Rxd6 40. Rb6 Bd7 41. Rxf8 Kxf8 42. Bf3 e5 43. Nb5 1-0

[Event "EuTCh"]
[Site "Leon ESP"]
[Date "2001.11.06"]
[Round "1"]
[White "Conquest,S"]
[Black "Krakops,M"]
[Result "0-1"]
[WhiteElo "2601"]
[BlackElo "2518"]
[EventDate "2001.11.06"]

1. d4 Nf6 2. c4 g6 3. Nc3 Bg7 4. e4 d6 5. f3 O-O 6. Bg5 a6 7. Qd2 Nbd7 8.
Nh3 c6 9. Nf2 b5 10. Be2 bxc4 11. Bxc4 e5 12. d5 Nb6 13. Bb3 c5 14. h4 Qd7
15. g4 Ne8 16. h5 a5 17. a4 Ba6 18. Rh3 f6 19. Be3 f5 20. gxf5 gxf5 21.
exf5 Nc4 22. Bxc4 Bxc4 23. h6 Bf6 24. Qc2 Rb8 25. O-O-O Kh8 26. Rg1 Nc7 27.
Bg5 Bxg5+ 28. Rxg5 Nxd5 29. Nxd5 Bxd5 30. Rhg3 Bb3 31. Qc3 Rb4 32. Kd2 Bd5
33. Nd3 Rd4 34. Ke3 Rxf5 35. Qxa5 Rf8 36. Qc3 Qe6 37. Kf2 Qxh6 38. Kg1 Bxf3
39. Nf2 Bd5 40. Qc1 Qf6 41. Ng4 Rxg4 0-1

[Event "EuTCh"]
[Site "Leon ESP"]
[Date "2001.11.06"]
[Round "1"]
[White "Ftacnik,L"]
[Black "Van Wely,L"]
[Result "1/2-1/2"]
[WhiteElo "2566"]
[BlackElo "2714"]
[EventDate "2001.11.06"]

1. d4 Nf6 2. Nf3 g6 3. c4 Bg7 4. Nc3 d5 5. Bf4 O-O 6. Rc1 dxc4 7. e3 Be6 8.
Ng5 Bd5 9. e4 h6 10. exd5 hxg5 11. Bxg5 Nxd5 12. Bxc4 Nb6 13. Bb3 Nc6 14.
Ne2 Rc8 15. O-O Qd7 16. Qd2 Nxd4 17. Nxd4 Qxd4 18. Qxd4 Bxd4 19. Bxe7 Rfe8
20. Bc5 Bxb2 21. Rcd1 Bf6 22. f4 Be7 23. Bxb6 axb6 24. f5 g5 25. f6 Bc5+
26. Kh1 Rcd8 27. Rxd8 Rxd8 28. Rf5 g4 29. Rg5+ Kf8 30. Rxg4 Bd4 31. Rf4 b5
32. g4 c5 33. g5 c4 34. Rh4 Kg8 35. Bc2 Be3 36. Bh7+ Kf8 37. Bf5 Kg8 38.
Bh7+ Kf8 39. Bf5 Kg8 40. Bh7+ 1/2-1/2

[Event "EuTCh"]
[Site "Leon ESP"]
[Date "2001.11.06"]
[Round "1"]
[White "Piket,Je"]
[Black "Stohl,I"]
[Result "1/2-1/2"]
[WhiteElo "2649"]
[BlackElo "2534"]
[EventDate "2001.11.06"]

1. d4 Nf6 2. c4 e6 3. Nc3 Bb4 4. Qc2 O-O 5. a3 Bxc3+ 6. Qxc3 b6 7. Bg5 Ba6
8. e3 d6 9. Bd3 Nbd7 10. Ne2 c5 11. Qc2 h6 12. Bh4 Rc8 13. Qa4 Bb7 14. O-O
Qc7 15. Nc3 a6 16. Rac1 Rfe8 17. Qd1 Qb8 18. dxc5 bxc5 19. Qc2 Qa8 20. e4
e5 21. Rfd1 g5 22. Bg3 Nf8 23. Nd5 Bxd5 24. cxd5 Nh5 25. Qe2 Nf4 26. Bxf4
exf4 27. Bxa6 Rb8 28. Bb5 Re7 29. a4 Ng6 30. f3 Ne5 31. Qd2 Qa7 32. h3 Kg7
33. Kh1 h5 34. b4 Rc8 35. Bc6 cxb4 36. Qxb4 Qb8 37. Qxb8 Rxb8 38. Bb5 g4
39. Rc3 Kf6 40. Rf1 gxh3 41. gxh3 Ra7 42. Rg1 Raa8 43. h4 Rc8 44. Ra3 Rc2
45. Rg2 Rc1+ 46. Kh2 Rac8 47. Bc6 Rb8 48. Bb5 Rbc8 49. Bc6 Rb8 1/2-1/2

[Event "EuTCh"]
[Site "Leon ESP"]
[Date "2001.11.06"]
[Round "1"]
[White "Timoscenko,G"]
[Black "Tiviakov,S"]
[Result "1/2-1/2"]
[WhiteElo "2519"]
[BlackElo "2599"]
[EventDate "2001.11.06"]

1. Nf3 Nf6 2. c4 b6 3. Nc3 Bb7 4. d4 e6 5. a3 d5 6. cxd5 Nxd5 7. Qc2 Nxc3
8. Qxc3 Nd7 9. Bg5 Be7 10. Bxe7 Kxe7 11. e3 Nf6 12. Be2 Qd6 13. O-O 1/2-1/2

[Event "EuTCh"]
[Site "Leon ESP"]
[Date "2001.11.06"]
[Round "1"]
[White "Van den Doel,E"]
[Black "Markos,J"]
[Result "1/2-1/2"]
[WhiteElo "2583"]
[BlackElo "2435"]
[EventDate "2001.11.06"]

1. e4 c5 2. Nf3 d6 3. d4 cxd4 4. Nxd4 Nf6 5. Nc3 a6 6. Be3 e6 7. g4 h6 8.
f4 e5 9. Nf5 h5 10. Qd2 Nxg4 11. O-O-O g6 12. Nd5 Nxe3 13. Nfxe3 Nc6 14.
Kb1 Bh6 15. Qc3 Be6 16. Bc4 Rc8 17. f5 Bxd5 18. Bxd5 Nd4 19. Qd3 gxf5 20.
c3 Bxe3 21. Qxe3 f4 22. Qh3 Nc6 23. Rhg1 Rc7 24. Rg7 Qf6 25. Rdg1 Kf8 26.
Qg2 Nd8 27. Rg5 Ke7 28. Rf5 Qh6 29. Qf2 h4 30. Qb6 Rd7 31. c4 Ne6 32. c5
Rhd8 33. cxd6+ Rxd6 34. Qxb7+ R8d7 35. Qb4 f6 36. Rg8 Nd4 37. Qb8 Rd8 38.
Qc7+ R8d7 39. Qc8 Rd8 40. Qc7+ R8d7 41. Qc8 1/2-1/2

[Event "EuTCh"]
[Site "Leon ESP"]
[Date "2001.11.06"]
[Round "1"]
[White "Lautier,J"]
[Black "Moreno Carnero,J"]
[Result "1-0"]
[WhiteElo "2653"]
[BlackElo "2514"]
[EventDate "2001.11.06"]

1. d4 Nf6 2. c4 g6 3. Nc3 Bg7 4. e4 d6 5. Nf3 O-O 6. Be2 Na6 7. O-O e5 8.
Be3 Ng4 9. Bg5 f6 10. Bh4 Nh6 11. d5 c5 12. Ne1 Nf7 13. a3 Bd7 14. Rb1 b6
15. Nc2 h5 16. f3 Bh6 17. Bd3 Bg5 18. Be1 h4 19. Qe2 Nc7 20. Ne3 Nh6 21. g3
f5 22. f4 exf4 23. gxf4 Bf6 24. Kh1 Bg7 25. Rg1 fxe4 26. Nxe4 Rxf4 27. Rxg6
Qe8 28. Nxd6 1-0

[Event "EuTCh"]
[Site "Leon ESP"]
[Date "2001.11.06"]
[Round "1"]
[White "Arizmendi Martinez,J"]
[Black "Bauer,Ch"]
[Result "1/2-1/2"]
[WhiteElo "2503"]
[BlackElo "2585"]
[EventDate "2001.11.06"]

1. e4 c6 2. d4 d5 3. e5 c5 4. dxc5 e6 5. Nf3 Bxc5 6. Bd3 Nc6 7. O-O f6 8.
Qe2 fxe5 9. Nxe5 Nf6 10. Nd2 Nxe5 11. Qxe5 O-O 12. Nf3 Bd6 13. Qe2 Qc7 14.
Re1 Bd7 15. Ne5 Ne4 16. Bxe4 Bxe5 17. Bxh7+ Kxh7 18. Qh5+ Kg8 19. Qxe5 Qxc2
20. Be3 Rf5 21. Qd4 Qc7 22. f4 Bc6 23. Bd2 Qf7 24. Rac1 a6 25. Rc3 Re8 26.
h3 Qf6 27. Qxf6 Rxf6 28. Rd3 Rf7 29. g3 Rc7 30. Bc3 Bd7 31. Re5 Rf8 32. Rg5
Rf7 33. Kf2 Bb5 34. Rd4 Bc4 35. a3 Rf5 36. Rxf5 1/2-1/2

[Event "EuTCh"]
[Site "Leon ESP"]
[Date "2001.11.06"]
[Round "1"]
[White "Degraeve,JM"]
[Black "Del Rio Angelis,S"]
[Result "1-0"]
[WhiteElo "2588"]
[BlackElo "2489"]
[EventDate "2001.11.06"]

1. e4 e6 2. d4 d5 3. Nc3 Bb4 4. exd5 exd5 5. Bd3 Nc6 6. a3 Be7 7. Nce2 Nf6
8. c3 O-O 9. Ng3 Re8 10. N1e2 Bf8 11. Qc2 Na5 12. O-O b6 13. b3 c5 14. dxc5
bxc5 15. b4 c4 16. Bf5 Nb3 17. Rb1 Bb7 18. Be3 g6 19. Bh3 Bc6 20. Nd4 Ba4
21. Nxb3 Bxb3 22. Qc1 Ne4 23. Bg4 Bg7 24. Nxe4 dxe4 25. Bd1 Bxd1 26. Rxd1
Qc7 27. Rd5 Qc6 28. Qd1 Bxc3 29. Rc5 Qa6 30. Qc2 Be5 31. Rxc4 Qxa3 32. Rxe4
a6 33. Bc5 Qc3 34. Qe2 a5 35. Re3 axb4 36. Rxc3 bxc3 37. Qc2 Ra5 38. Be3
Rea8 39. g3 Ra1 40. Rxa1 Rxa1+ 41. Kg2 Bf6 42. Qe4 Rd1 43. Qf3 1-0

[Event "EuTCh"]
[Site "Leon ESP"]
[Date "2001.11.06"]
[Round "1"]
[White "Lopez Martinez,J"]
[Black "Fressinet,L"]
[Result "0-1"]
[WhiteElo "2474"]
[BlackElo "2588"]
[EventDate "2001.11.06"]

1. d4 d5 2. c4 c6 3. Nf3 Nf6 4. Nc3 e6 5. Bg5 Nbd7 6. e3 Qa5 7. Nd2 Bb4 8.
Qc2 O-O 9. Bh4 c5 10. dxc5 dxc4 11. Rc1 Nd5 12. Bxc4 Nxc3 13. bxc3 Bxc5 14.
Bd3 h6 15. O-O Qc7 16. Nc4 b6 17. Bg3 e5 18. Rfd1 Re8 19. Bh7+ Kh8 20. Be4
Rb8 21. Qd3 Nf8 22. Nd6 Bxd6 23. Qxd6 Qxd6 24. Rxd6 Bb7 25. Bxb7 Rxb7 26.
Rcd1 f6 27. f4 Ng6 28. Rd7 Rxd7 29. Rxd7 exf4 30. exf4 Re7 31. Rd8+ Kh7 32.
f5 Ne5 33. Rd4 Kg8 34. Ra4 Kf7 35. Kf2 Rc7 36. Bxe5 fxe5 37. g4 Kf6 38. Kg2
a5 39. Ra3 Rc4 40. h3 a4 0-1

[Event "EuTCh"]
[Site "Leon ESP"]
[Date "2001.11.06"]
[Round "1"]
[White "Romanishin,O"]
[Black "Mitkov,N"]
[Result "1-0"]
[WhiteElo "2575"]
[BlackElo "2514"]
[EventDate "2001.11.06"]

1. d4 Nf6 2. Nf3 d5 3. c4 e6 4. g3 Bb4+ 5. Bd2 Be7 6. Bg2 c6 7. O-O O-O 8.
Qb3 Nbd7 9. Bb4 b6 10. Bxe7 Qxe7 11. Nc3 a5 12. Rfc1 Ba6 13. cxd5 cxd5 14.
e3 Bc4 15. Qd1 Rac8 16. Nd2 Ba6 17. a3 Rc7 18. Bf1 Bxf1 19. Qxf1 Rfc8 20.
Nb5 Rxc1 21. Rxc1 Qd8 22. Na7 Ra8 23. Qa6 Qb8 24. Qc8+ Qxc8 25. Nxc8 Kf8
26. Rc6 Rb8 27. Nb1 Ng8 28. Rc7 Ke8 29. Nd6+ Kd8 30. Ra7 f6 31. Nc3 Ne7 32.
Nf7+ Ke8 33. Nd6+ Kd8 34. Nf7+ Ke8 35. Nb5 Nc6 36. Nfd6+ Ke7 37. Rc7 1-0

[Event "EuTCh"]
[Site "Leon ESP"]
[Date "2001.11.06"]
[Round "1"]
[White "Volokitin,A"]
[Black "Jacimovic,D"]
[Result "1-0"]
[WhiteElo "2566"]
[BlackElo "2486"]
[EventDate "2001.11.06"]

1. e4 e6 2. d4 d5 3. Nc3 Nf6 4. Bg5 Bb4 5. e5 h6 6. Bd2 Bxc3 7. bxc3 Ne4 8.
Qg4 g6 9. Bd3 Nxd2 10. Kxd2 c5 11. h4 Bd7 12. h5 g5 13. f4 c4 14. Be2 Bc6
15. fxg5 Qxg5+ 16. Qxg5 hxg5 17. Nh3 Nd7 18. Nxg5 Ke7 19. g4 f6 20. Nf3
fxe5 21. Nxe5 Nxe5 22. dxe5 Rhg8 23. Ke3 d4+ 24. cxd4 Bxh1 25. Rxh1 b5 26.
Bf3 Rab8 27. h6 b4 28. h7 Rgd8 29. Be2 Rdc8 30. Bxc4 Rxc4 31. h8=Q Rxh8 32.
Rxh8 a5 33. Ra8 Rc3+ 34. Kf4 Rc4 35. Rxa5 Rxd4+ 36. Kg5 Rc4 37. Ra7+ Kd8
38. Kh5 Rxc2 39. g5 Ke8 40. Kg6 Rf2 41. Kg7 Rf5 42. g6 Rf2 43. Kh6 Kf8 44.
g7+ Kg8 45. Ra8+ 1-0

[Event "EuTCh"]
[Site "Leon ESP"]
[Date "2001.11.06"]
[Round "1"]
[White "Gashimov,V"]
[Black "Illescas Cordoba,M"]
[Result "1/2-1/2"]
[WhiteElo "2442"]
[BlackElo "2577"]
[EventDate "2001.11.06"]

1. e4 e5 2. Nf3 Nf6 3. Nxe5 d6 4. Nf3 Nxe4 5. d4 d5 6. Bd3 Nc6 7. O-O Be7
8. c4 Nf6 9. Nc3 Bg4 10. cxd5 Nxd5 11. Be4 Be6 12. a3 O-O 13. Qc2 h6 14.
Na4 Qd6 15. b4 Bf6 16. Bb2 b6 17. Nc3 Nce7 18. Bh7+ Kh8 19. Ne4 Qd7 20.
Nxf6 Nxf6 21. Ne5 Qc8 22. Bd3 Nfd5 23. Rfe1 Bf5 24. Bxf5 Qxf5 25. Qxf5 Nxf5
26. Nc6 f6 27. Kf1 h5 28. g3 Kg8 29. Re2 Kf7 30. Rae1 a6 31. h3 Rh8 32. Bc1
Rag8 33. Kg2 g5 34. Bd2 g4 35. Re4 gxh3+ 36. Kxh3 Rg7 37. Bc1 Rhg8 38. Bd2
Rg4 39. Rxg4 hxg4+ 40. Kg2 Rh8 41. Re4 Rg8 42. Bf4 Re8 43. f3 Nxf4+ 44.
Rxf4 Re2+ 45. Kg1 Nxg3 46. Rxg4 Nf5 47. Nb8 Rd2 48. Nxa6 Nxd4 49. Kf1 c6
50. a4 Nxf3 51. Rg3 Ne5 52. Ra3 Rd5 53. Ke2 f5 54. a5 bxa5 55. bxa5 Nc4 56.
Rc3 Re5+ 57. Kf2 Re4 58. Nb8 Nxa5 59. Nxc6 Nb7 60. Re3 1/2-1/2

[Event "EuTCh"]
[Site "Leon ESP"]
[Date "2001.11.06"]
[Round "1"]
[White "Ibrahimov,R"]
[Black "Narciso Dublan,M"]
[Result "1-0"]
[WhiteElo "2404"]
[BlackElo "2517"]
[EventDate "2001.11.06"]

1. Nf3 d5 2. g3 Bg4 3. Bg2 Nd7 4. O-O e6 5. b3 Ngf6 6. Bb2 a5 7. c4 Be7 8.
d3 O-O 9. a3 c6 10. Nbd2 Qc7 11. Qc2 Rfd8 12. cxd5 exd5 13. e4 Nf8 14. h3
Bxf3 15. Nxf3 dxe4 16. dxe4 Ne6 17. Rad1 Rxd1 18. Rxd1 Rd8 19. Rxd8+ Qxd8
20. Bf1 Qf8 21. a4 Nc5 22. Nd2 h5 23. h4 Ne6 24. Nc4 Qd8 25. Ne5 Bb4 26.
Bc4 Qe7 27. Qe2 Bc5 28. Kg2 Bb6 29. Qf3 Bc7 30. Qf5 Nd8 31. Bc3 Kf8 32. f3
Bb6 33. Nd3 Ne6 34. Bxa5 g6 35. Qe5 Bxa5 36. Qxa5 Kg7 37. Qe5 Qd7 38. a5
Nc7 39. Qc3 Qd8 40. Nc5 Qc8 41. Qd4 Nce8 42. e5 Nd5 43. Bxd5 cxd5 44. Qxd5
Qf5 45. Qe4 Qc8 46. b4 Qd8 47. Qd3 Qe7 48. Qd4 Kh7 49. Qd5 Ng7 50. f4 Nf5
51. Qxb7 Qd8 52. Nd7 Kg7 53. a6 1-0

[Event "EuTCh"]
[Site "Leon ESP"]
[Date "2001.11.06"]
[Round "1"]
[White "Godena,M"]
[Black "Lutz,C"]
[Result "0-1"]
[WhiteElo "2496"]
[BlackElo "2643"]
[EventDate "2001.11.06"]

1. e4 c5 2. c3 d5 3. exd5 Qxd5 4. d4 Nf6 5. Nf3 Bg4 6. Be2 e6 7. h3 Bh5 8.
c4 Qd8 9. Nc3 cxd4 10. Nxd4 Bxe2 11. Qa4+ Nbd7 12. Ndxe2 Be7 13. Bg5 O-O
14. Rd1 Qe8 15. Qc2 a6 16. b3 h6 17. Bc1 Qc8 18. Qd3 Ne5 19. Qg3 Ng6 20. a3
Qb8 21. Qxb8 Raxb8 22. Nd4 Rfd8 23. Ke2 Rbc8 24. Nc2 b5 25. Rxd8+ Bxd8 26.
Rd1 bxc4 27. b4 Bc7 28. g3 Ne5 29. Ne3 g5 30. Bd2 Bb8 31. Rc1 Ba7 32. Rc2
Nc6 33. Rb2 Nd4+ 34. Kf1 Nb5 35. Ned1 Nd5 36. a4 Nd6 37. b5 axb5 38. axb5
Bd4 39. Rb1 Rb8 40. Ke2 Bxc3 41. Nxc3 Nxc3+ 42. Bxc3 Rxb5 43. Ra1 Rc5 44.
Ra6 Nb5 45. Ra8+ Kh7 46. Rh8+ Kg6 47. Rg8+ Kf5 48. g4+ Ke4 49. f3+ Kf4 50.
Bb4 Rd5 51. Rf8 Kg3 52. Rxf7 Nd4+ 53. Kf1 Nxf3 54. Rf6 Rb5 55. Bd6+ e5 56.
Ke2 Ng1+ 57. Kd2 Nxh3 58. Kc3 Kxg4 59. Kxc4 Ra5 60. Rxh6 Nf4 0-1

[Event "EuTCh"]
[Site "Leon ESP"]
[Date "2001.11.06"]
[Round "1"]
[White "Borgo,G"]
[Black "Bischoff,K"]
[Result "0-1"]
[WhiteElo "2424"]
[BlackElo "2541"]
[EventDate "2001.11.06"]

1. e4 c5 2. Nf3 Nc6 3. Bb5 e6 4. Bxc6 bxc6 5. O-O Ne7 6. b3 Ng6 7. Bb2 f6
8. c3 Be7 9. d4 cxd4 10. cxd4 O-O 11. Qd2 Ba6 12. Rc1 Bd6 13. Ba3 Bf4 14.
Qc2 Rf7 15. Re1 Qa5 16. Bc1 Bc7 17. Nbd2 Rc8 18. Nf1 Nh4 19. Re3 Nxf3+ 20.
Rxf3 Qh5 21. Bf4 Bb6 22. Rd1 d5 23. Bd6 dxe4 24. Qxe4 Qd5 25. Qxd5 cxd5 26.
Re3 e5 27. dxe5 fxe5 28. Rf3 Rxf3 29. gxf3 Rc2 30. Ne3 Rxa2 31. Rxd5 Ra5
32. Rxa5 Bxa5 33. Bxe5 Be2 34. Bd4 a6 35. Nd5 Bxf3 36. b4 Bd8 37. Bb6 Bg5
38. Nc3 Bf6 39. Na4 Kf7 40. Kf1 Be5 41. Nc5 Bc6 42. Kg1 Bb5 43. Kg2 Bc3 44.
Ba5 Kg6 45. Kf3 Kf5 46. h4 h5 47. Kg3 Be5+ 48. Kf3 Bc3 49. Kg3 g6 50. Kf3
Ke5 51. Kg3 Kd5 52. Nb7 Be5+ 53. f4 Bc3 54. Kf3 Be1 55. f5 gxf5 56. Kf4
Bxh4 57. Kxf5 Be7 58. Nc5 h4 59. Bc7 Kc4 60. Kg4 Kxb4 61. Nxa6+ Bxa6 62.
Kh3 Bc8+ 63. Kh2 Kc4 64. Bb6 Kd5 0-1

[Event "EuTCh"]
[Site "Leon ESP"]
[Date "2001.11.06"]
[Round "1"]
[White "Buhmann,R"]
[Black "D'Amore,C"]
[Result "1-0"]
[WhiteElo "2505"]
[BlackElo "2456"]
[EventDate "2001.11.06"]

1. Nf3 Nf6 2. c4 g6 3. Nc3 Bg7 4. e4 d6 5. d4 O-O 6. Be2 Bg4 7. Be3 Nfd7 8.
Qb3 Bxf3 9. Bxf3 Nc6 10. Rd1 e5 11. dxe5 dxe5 12. Ne2 Qe7 13. O-O Rfb8 14.
g3 Nc5 15. Qa3 Bf8 16. Bg2 Ne6 17. Qxe7 Bxe7 18. Bh3 Nc5 19. Nc3 Nd4 20.
Bxd4 exd4 21. Nb5 Bd8 22. e5 d3 23. b4 Ne6 24. Bxe6 fxe6 25. Nd4 c5 26.
bxc5 Rc8 27. Rxd3 Be7 28. c6 bxc6 29. Nxe6 Kf7 30. Nd4 Rab8 31. Rfd1 Kg8
32. Nb3 Rb4 33. Rd7 Bf8 34. Rxa7 Rxc4 35. Rdd7 Re8 36. f4 g5 37. Nd2 Rb4
38. a3 Rb2 39. Ne4 Re6 40. Rab7 Rxb7 41. Rxb7 gxf4 42. Nf6+ Rxf6 43. exf6
Bxa3 44. g4 Bd6 45. Kg2 h6 46. h4 c5 47. g5 hxg5 48. hxg5 1-0

[Event "EuTCh"]
[Site "Leon ESP"]
[Date "2001.11.06"]
[Round "1"]
[White "Holmsten,A"]
[Black "Mohr,G"]
[Result "0-1"]
[WhiteElo "2422"]
[BlackElo "2498"]
[EventDate "2001.11.06"]

1. e4 c5 2. Nf3 e6 3. d4 cxd4 4. Nxd4 Nf6 5. Nc3 Nc6 6. Ndb5 d6 7. Bf4 e5
8. Bg5 a6 9. Na3 b5 10. Nd5 Be7 11. Bxf6 Bxf6 12. c3 Ne7 13. Nxf6+ gxf6 14.
Bd3 Bb7 15. Qe2 Qb6 16. O-O-O O-O-O 17. Nc2 d5 18. exd5 Nxd5 19. Be4 Kb8
20. g3 Qe6 21. Rhe1 Rd6 22. Qh5 Rhd8 23. Qxh7 f5 24. Bxd5 Bxd5 25. Nd4 Qf6
26. Nxf5 R6d7 27. Ne3 Bf3 28. Rxd7 Rxd7 29. Qc2 Qc6 30. h4 a5 31. a4 bxa4
32. Qf5 f6 33. Kb1 0-1

[Event "EuTCh"]
[Site "Leon ESP"]
[Date "2001.11.06"]
[Round "1"]
[White "Galego,L"]
[Black "Krasenkow,M"]
[Result "0-1"]
[WhiteElo "2503"]
[BlackElo "2592"]
[EventDate "2001.11.06"]

1. e4 c5 2. Nf3 Nc6 3. Bb5 e6 4. Bxc6 bxc6 5. O-O Ne7 6. d3 Ng6 7. Ng5 e5
8. Qh5 Qe7 9. Nh3 d6 10. Bg5 Qb7 11. b3 Bd7 12. f3 h6 13. Be3 Qc8 14. Nd2
d5 15. Rae1 Be7 16. g4 d4 17. Bf2 Qc7 18. Bg3 Be6 19. f4 exf4 20. Nxf4 Nxf4
21. Bxf4 Qd7 22. Qe5 Bxg4 23. Qxg7 O-O-O 24. Qe5 Kb7 25. Bg3 f6 26. Qf4 Bh3
27. Rf2 Rdg8 28. Kh1 h5 29. Nf3 h4 30. Nxh4 Rg4 31. Qf3 Rgxh4 32. Bxh4 Rxh4
33. Rg1 Rh7 34. Rg6 Bd8 35. Qg3 f5 36. Kg1 Bh4 37. exf5 Bxg3 0-1

[Event "EuTCh"]
[Site "Leon ESP"]
[Date "2001.11.06"]
[Round "1"]
[White "Kempinski,R"]
[Black "Fernandes,An"]
[Result "1-0"]
[WhiteElo "2586"]
[BlackElo "2457"]
[EventDate "2001.11.06"]

1. Nf3 Nf6 2. c4 g6 3. b4 Bg7 4. Bb2 O-O 5. e3 d6 6. d4 Bg4 7. Be2 Nbd7 8.
O-O c6 9. Nbd2 Re8 10. h3 Bxf3 11. Nxf3 e5 12. Qb3 exd4 13. Nxd4 a5 14. b5
a4 15. Qa3 Qc7 16. Rfd1 Ne4 17. Rac1 Ndc5 18. Ba1 Rac8 19. Bf3 Qe7 20. Bg4
f5 21. Bf3 Bf6 22. Rb1 Be5 23. Bxe4 fxe4 24. bxc6 bxc6 25. Rb6 Qf6 26. Rf1
Rf8 27. Rbb1 Ne6 28. Nxe6 Qxe6 29. Bxe5 Qxe5 30. Qxa4 Rf7 31. Qa6 Qe6 32.
Rb7 Rcc7 33. Rxc7 Rxc7 34. Rb1 Qc8 35. Qa3 Rd7 36. Qb2 Qf8 37. Qd4 Qe8 38.
Rb6 c5 39. Qd5+ Qf7 40. Qxe4 Kg7 41. g3 Qf5 42. Qxf5 gxf5 43. a4 Ra7 44.
Rxd6 Rxa4 45. Rd5 f4 46. gxf4 Rxc4 47. Kg2 Rc1 48. Kf3 c4 49. Rc5 c3 50. f5
h5 51. Kf4 h4 52. e4 c2 53. e5 Kh6 54. e6 Kg7 55. Rc7+ Kh6 56. f6 1-0

[Event "EuTCh"]
[Site "Leon ESP"]
[Date "2001.11.06"]
[Round "1"]
[White "Damaso,R"]
[Black "Socko,B"]
[Result "0-1"]
[WhiteElo "2414"]
[BlackElo "2564"]
[EventDate "2001.11.06"]

1. e4 e5 2. Nf3 Nc6 3. Bb5 a6 4. Ba4 Nf6 5. Nc3 b5 6. Bb3 Be7 7. a4 b4 8.
Nd5 O-O 9. d4 exd4 10. Nxd4 Nxe4 11. O-O Nxd4 12. Qxd4 Nf6 13. Nxe7+ Qxe7
14. Bf4 d6 15. Rfe1 Be6 16. Qxb4 Rab8 17. Qa5 Qd7 18. Bxe6 fxe6 19. Qxa6 d5
20. a5 Ne4 21. Be3 Qe7 22. Qc6 Qd6 23. Qxd6 cxd6 24. a6 Nc5 25. a7 Ra8 26.
Ra5 Rfc8 27. f4 Rc7 28. f5 Raxa7 29. Rb5 Rcb7 30. Rxb7 Rxb7 0-1

[Event "EuTCh"]
[Site "Leon ESP"]
[Date "2001.11.06"]
[Round "1"]
[White "Delchev,A"]
[Black "Sommerbauer,N"]
[Result "1-0"]
[WhiteElo "2634"]
[BlackElo "2410"]
[EventDate "2001.11.06"]

1. c4 e6 2. Nf3 d5 3. d4 dxc4 4. e3 b5 5. a4 c6 6. axb5 cxb5 7. b3 Bb4+ 8.
Bd2 Bxd2+ 9. Nbxd2 a5 10. bxc4 b4 11. Bd3 Nf6 12. O-O O-O 13. Qc2 Nbd7 14.
c5 Bb7 15. Bb5 Qc7 16. Rfc1 Bc6 17. Bxc6 Qxc6 18. Ra4 Ra6 19. Rca1 Rfa8 20.
Nb3 Qc7 21. e4 Nb8 22. Ne5 Nc6 23. Nxc6 Qxc6 24. f3 Qc7 25. Qd2 h5 26. d5
exd5 27. exd5 h4 28. d6 Qc6 29. Qg5 Nd7 30. Rxa5 h3 31. Nd4 Rxa5 32. Rxa5
Qc8 33. Nf5 Rxa5 34. Qxg7+ 1-0

[Event "EuTCh"]
[Site "Leon ESP"]
[Date "2001.11.06"]
[Round "1"]
[White "Danner,G"]
[Black "Spasov,V"]
[Result "0-1"]
[WhiteElo "2416"]
[BlackElo "2569"]
[EventDate "2001.11.06"]

1. d4 Nf6 2. Nf3 g6 3. c4 Bg7 4. Nc3 O-O 5. e4 d6 6. Be2 e5 7. d5 a5 8. Be3
Ng4 9. Bg5 f6 10. Bh4 h5 11. Nd2 Na6 12. a3 Bd7 13. Rb1 Nc5 14. b4 axb4 15.
axb4 Na4 16. Nxa4 Bxa4 17. Qc1 Bd7 18. O-O g5 19. Bxg4 Bxg4 20. f3 Bd7 21.
Bf2 f5 22. Rb3 f4 23. c5 g4 24. Nc4 Ra2 25. fxg4 hxg4 26. b5 dxc5 27. b6 c6
28. Bxc5 cxd5 29. exd5 Rf5 30. Rf2 Rxf2 31. Bxf2 e4 32. Nd6 Rxd5 33. Nxb7
Qb8 34. Nc5 e3 35. Be1 Bc6 36. b7 f3 37. Rxe3 Bd4 38. Ne6 0-1

[Event "EuTCh"]
[Site "Leon ESP"]
[Date "2001.11.06"]
[Round "1"]
[White "Stefansson,H"]
[Black "Kacheishvili,G"]
[Result "1/2-1/2"]
[WhiteElo "2575"]
[BlackElo "2583"]
[EventDate "2001.11.06"]

1. e4 c5 2. Nf3 d6 3. d4 cxd4 4. Nxd4 Nf6 5. Nc3 Nc6 6. Bg5 e6 7. Qd2 Be7
8. O-O-O Nxd4 9. Qxd4 O-O 10. f4 Qa5 11. Bc4 b5 12. Bxb5 Rb8 13. Bc4 h6 14.
Bh4 e5 15. Qd3 exf4 16. Bb3 Be6 17. Nd5 Nxd5 18. exd5 Bf5 19. Qxf5 Bxh4 20.
Kb1 Bf6 21. Qxf4 Be5 22. Qf5 Qc5 23. Rhe1 Bxh2 24. Re7 Rbe8 25. Rd7 Re2 26.
Rf1 g6 27. Qf3 Re3 28. Qd1 Be5 29. a4 h5 30. Ka2 f5 31. Rf3 Rf7 32. Rd8+
Kg7 33. c3 Rxf3 34. Qxf3 Rb7 35. Qd1 Kf7 36. Qc2 Qc7 37. Ra8 Rb6 38. c4 Qb7
39. c5 Qxa8 40. cxb6 axb6 41. Qc7+ Kf6 42. Qxb6 Qc8 43. Kb1 1/2-1/2

[Event "EuTCh"]
[Site "Leon ESP"]
[Date "2001.11.06"]
[Round "1"]
[White "Supatashvili,K"]
[Black "Gunnarsson,J"]
[Result "1/2-1/2"]
[WhiteElo "2515"]
[BlackElo "2386"]
[EventDate "2001.11.06"]

1. d4 Nf6 2. c4 c5 3. d5 b5 4. cxb5 a6 5. b6 d6 6. Nc3 Qxb6 7. Nf3 g6 8.
Nd2 Bg7 9. e4 Nbd7 10. Be2 O-O 11. Nc4 Qc7 12. Bf4 Nb6 13. Ne3 Bd7 14. a4
Rfb8 15. O-O Nc8 16. Nc4 Nb6 17. Nd2 Nc8 18. Qc2 Rb4 19. b3 Rab8 20. Rab1
Qb7 21. Be3 Ng4 22. Bxg4 Bxg4 23. Na2 Rb6 24. b4 Qc7 25. Qd3 Bd7 26. Nc4
R6b7 27. bxc5 Rxb1 28. Rxb1 Rxb1+ 29. Qxb1 dxc5 30. Qc2 Nb6 31. Nxb6 Qxb6
32. Bxc5 Qc7 33. Nb4 Bxa4 34. Qxa4 Qxc5 35. g3 Qd4 36. Qb3 a5 37. Nc6 Qxe4
38. Qa3 Qe1+ 39. Kg2 Qe4+ 40. Kg1 Bf8 41. Qxa5 e6 42. Qc7 exd5 43. Ne5 Qf5
44. Nd7 Qb1+ 45. Kg2 Qe4+ 46. Kg1 Kg7 47. Qe5+ Qxe5 48. Nxe5 Kf6 49. Nd3
Kf5 50. f3 Bd6 51. Kf2 h5 52. h3 d4 53. Kg2 Ke6 54. g4 Kd5 55. Kf2 f5 56.
gxh5 gxh5 57. Kf1 1/2-1/2